000
00328nam a2200145Ia 4500
008
230718s9999 xx 000 0 und d
041
_a
Eng.
082
_a
655.04
_b
MUS-C
100
_a
Musseig Aames
245
0
_a
Cactus Town
260
_a
Pakistan
_b
oxfer duciary press
_c
2002
300
_a
230
650
_a
Law
999
_c
26567
_d
26567